Statistics for German Bundesliga and 2. Bundesliga teams 2020-21

Click here to take the quiz!

General Stats

  • This quiz has been taken 35 times
  • The average score is 25 of 36

Answer Stats

LeagueTeam% Correct
BundesligaBorussia Dortmund
100%
BundesligaFC Bayern München
100%
BundesligaRB Leipzig
97%
BundesligaVfB Stuttgart
97%
BundesligaFC Schalke 04
94%
Bundesliga1. FSV Mainz 05
91%
BundesligaHertha BSC
91%
BundesligaVfL Wolfsburg
91%
BundesligaWerder Bremen
91%
Bundesliga1. FC Köln
88%
BundesligaBorussia Mönchengladbach
88%
BundesligaBayer 04 Leverkusen
84%
BundesligaFC Augsburg
84%
2. BundesligaFC St. Pauli
81%
2. BundesligaHamburger SV
81%
Bundesliga1. FC Union Berlin
78%
2. BundesligaHannover 96
78%
BundesligaArminia Bielefeld
75%
BundesligaEintracht Frankfurt
75%
BundesligaSC Freiburg
75%
BundesligaTSG 1899 Hoffenheim
72%
2. Bundesliga1. FC Nürnberg
69%
2. BundesligaVfL Bochum
69%
2. BundesligaSpVgg Greuther Fürth
59%
2. BundesligaFortuna Düsseldorf
53%
2. BundesligaHolstein Kiel
53%
2. BundesligaSV Darmstadt 98
53%
2. BundesligaSV Sandhausen
50%
2. BundesligaSC Paderborn 07
47%
2. BundesligaVfL Osnabrück
47%
2. BundesligaWürzburger Kickers
47%
2. Bundesliga1. FC Heidenheim 1846
44%
2. BundesligaEintracht Braunschweig
41%
2. BundesligaKarlsruher SC
41%
2. BundesligaSSV Jahn Regensburg
34%
2. BundesligaFC Erzgebirge Aue
31%

Score Distribution

Percentile by Number Answered

Percent of People with Each Score

Your Score History

You have not taken this quiz